[Event "KIA is it really a store? #3"]
[Site "SchemingMind.com"]
[Date "2006.12.12"]
[Round "-"]
[White "twotone"]
[Black "BogusAurelius"]
[Result "0-1"]
[WhiteCountry "ENG"]
[BlackCountry "USA"]
[WhiteElo "1392"]
[WhiteRD "59"]
[BlackElo "1974"]
[BlackRD "72"]
[GameID "81696"]

1. Nf3 d5 2. g3 c5 3. c3 Nc6 4. d4 Nf6 5. Bg2 e6 6. Bg5 h6 7. O-O hxg5 8. Nxg5 Bd7 9. e4 dxe4 10. Nxe4 Nxe4
11. Bxe4 Qf6 12. d5 exd5 13. Qxd5 O-O-O 14. Qc4 Be6 15. Qe2 Bd5 16. Nd2 Be7 17. Qg4+ Kb8 18. Rfe1 Ne5 19. Qd1 Rxh2 20. f4 Bxe4
21. Kxh2 Qh6+ 22. Kg1 Qh1+ 23. Kf2 Qg2+ 24. Ke3 Rd3#
0-1

[Event "KIA is it really a store? #3"]
[Site "SchemingMind.com"]
[Date "2006.12.12"]
[Round "-"]
[White "BogusAurelius"]
[Black "twotone"]
[Result "1-0"]
[WhiteCountry "USA"]
[BlackCountry "ENG"]
[WhiteElo "1974"]
[WhiteRD "72"]
[BlackElo "1392"]
[BlackRD "59"]
[GameID "81697"]

1. Nf3 d5 2. g3 c6 3. Bg2 f6 4. d4 Bf5 5. O-O Be4 6. Nc3 Bg6 7. e4 e6 8. exd5 cxd5 9. Re1 Qc7 10. Nxd5 Qd6
11. Rxe6+ Qxe6 12. Nc7+ Ke7 13. Nxe6 Nc6 14. d5 Ne5 15. Nfd4 Nc4 16. b3 Nd6 17. c4 b6 18. Ba3 Kf7 19. Nxf8 Rxf8 20. Bxd6 Re8
21. a4 Ne7 22. Bxe7 Rxe7 23. d6 Rd7 24. Bd5+ Kf8 25. Ne6+ Ke8 26. Bc6 Bf5 27. Nxg7+ Kd8 28. Nxf5 Rf7 29. Qh5 Kc8 30. Qxf7 Kb8
31. Qb7#
1-0

[Event "KIA is it really a store? #3"]
[Site "SchemingMind.com"]
[Date "2006.12.14"]
[Round "-"]
[White "Shaka"]
[Black "twotone"]
[Result "1-0"]
[WhiteCountry "VEN"]
[BlackCountry "ENG"]
[WhiteElo "1846"]
[WhiteRD "81"]
[BlackElo "1421"]
[BlackRD "57"]
[GameID "81834"]

1. Nf3 d5 2. g3 Nf6 3. d3 e6 4. Bg2 Bc5 5. O-O h6 6. Nbd2 O-O 7. Re1 Ng4 8. d4 Bb6 9. e4 dxe4 10. Nxe4 Nc6
11. c3 e5 12. h3 Nf6 13. Nxf6+ gxf6 14. Bxh6 Re8 15. Nh4 f5 16. Qh5 Qf6 17. dxe5 Qe6 18. Qg5+ Qg6 19. Nxg6 Re6 20. Ne7+ Kh8
21. Qg7#
1-0

[Event "KIA is it really a store? #3"]
[Site "SchemingMind.com"]
[Date "2006.12.12"]
[Round "-"]
[White "Shaka"]
[Black "BogusAurelius"]
[Result "0-1"]
[WhiteCountry "VEN"]
[BlackCountry "USA"]
[WhiteElo "1861"]
[WhiteRD "78"]
[BlackElo "1914"]
[BlackRD "66"]
[GameID "81835"]

1. Nf3 d5 2. g3 c5 3. Bg2 g6 4. d3 Bg7 5. O-O e6 6. Nbd2 Nc6 7. c4 Nge7 8. a3 O-O 9. Nb3 b6 10. Qc2 Bb7
11. cxd5 exd5 12. Bf4 Qd7 13. Rac1 Rac8 14. Qd2 d4 15. Bh6 Qd6 16. Bxg7 Kxg7 17. h4 h5 18. Ng5 Nf5 19. Ne4 Qe7 20. Qf4 Qe5
21. Qxe5+ Nxe5 22. Nbd2 Rcd8 23. b4 cxb4 24. axb4 Bxe4 25. Nxe4 Rc8 26. Bh3 Ng4 27. Ra1 Rc7 28. Rfc1 Rfc8 29. Rxc7 Rxc7 30. Bg2 f6
31. Nd2 Nd6 32. Ne4 Nb5 33. Bf3 Rc2 34. e3 Ne5 35. Bd1 Rc7 36. Ba4 Nc3 37. Nxc3 dxc3 38. d4 Nd3 39. Bc2 Nxb4 40. Rc1 Nxc2
41. Rxc2 b5
0-1

[Event "KIA is it really a store? #3"]
[Site "SchemingMind.com"]
[Date "2006.12.13"]
[Round "-"]
[White "twotone"]
[Black "Shaka"]
[Result "0-1"]
[WhiteCountry "ENG"]
[BlackCountry "VEN"]
[WhiteElo "1442"]
[WhiteRD "60"]
[BlackElo "1847"]
[BlackRD "81"]
[GameID "81836"]

1. Nf3 d5 2. g3 Nf6 3. d4 g6 4. c4 c6 5. Nc3 Bg7 6. e3 O-O 7. cxd5 cxd5 8. Be2 Bh3 9. Ng5 Bf5 10. Bd3 Qc8
11. O-O Nc6 12. Re1 Nb4 13. Be2 Nc2 14. Bd2 Nxa1 15. Qxa1 a6 16. Bf1 b5 17. b4 Qd7 18. Bg2 e6 19. e4 dxe4 20. Be3 h6
21. Nh3 Rac8 22. Nf4 Nd5 23. Nfxd5 exd5 24. a3 Rc6 25. a4 bxa4 26. Nxa4 Rb8 27. Nc5 Qa7 28. Rb1 Rcb6 29. Bd2 e3 30. fxe3 Bxb1
31. Qxb1 a5 32. Bxd5 axb4 33. Qb3 Rf6 34. Na4 Qa6 35. Bc4 Qb7 36. Nc5 Qf3 37. Qd3 Qf2+ 38. Kh1 Ra8 39. Ne4 Ra1+ 40. Qf1 Rxf1+
0-1

[Event "KIA is it really a store? #3"]
[Site "SchemingMind.com"]
[Date "2006.12.12"]
[Round "-"]
[White "BogusAurelius"]
[Black "Shaka"]
[Result "1-0"]
[WhiteCountry "USA"]
[BlackCountry "VEN"]
[WhiteElo "1958"]
[WhiteRD "71"]
[BlackElo "1847"]
[BlackRD "81"]
[GameID "81837"]

1. Nf3 d5 2. g3 Nf6 3. Bg2 c5 4. c4 d4 5. d3 Nc6 6. O-O Bg4 7. e3 e6 8. h3 Bh5 9. exd4 cxd4 10. Na3 a6
11. Nc2 Bc5 12. b4 Ba7 13. a4 O-O 14. b5 axb5 15. axb5 Bxf3 16. Bxf3 Na5 17. Ba3 Re8 18. Qb1 Rb8 19. c5 b6 20. c6 Rc8
21. Nb4 Bb8 22. Re1 Bd6 23. Qa2 Bc5 24. Na6 Bxa3 25. Qxa3 Qe7 26. Qxe7 Rxe7 27. Rxa5 bxa5 28. b6
1-0

[Event "KIA is it really a store? #3"]
[Site "SchemingMind.com"]
[Date "2006.12.14"]
[Round "-"]
[White "kifosi"]
[Black "twotone"]
[Result "1-0"]
[WhiteCountry "DEN"]
[BlackCountry "ENG"]
[WhiteElo "1802"]
[WhiteRD "65"]
[BlackElo "1502"]
[BlackRD "61"]
[GameID "82083"]

1. Nf3 d5 2. g3 Nc6 3. d4 g6 4. Bg2 Bg7 5. O-O Nf6 6. c4 dxc4 7. Na3 O-O 8. Nxc4 Be6 9. Nce5 Bd5 10. b3 Ne4
11. Bb2 f5 12. e3 Nf6 13. Qc2 Nxe5 14. Nxe5 Bxg2 15. Kxg2 Qd5+ 16. Kg1 c6 17. Ba3 Rfe8 18. Rac1 Ne4 19. Nd3 e5 20. dxe5 Bxe5
21. Nxe5 Qxe5 22. Qc4+ Re6 23. Rfd1 b5 24. Qd4 c5 25. Bxc5 a6 26. Ba3 Ng5 27. Qxe5 Rxe5 28. Bb2 Re4 29. h4 Nf3+ 30. Kg2 Ne5
31. Bxe5 Rxe5 32. Rc2 Kg7 33. Rd7+ Kh6 34. Rcc7 Rh8 35. Ra7 Rc5 36. Rxa6 Rc2 37. a4 bxa4 38. bxa4 Rc5 39. Rd2 Rhc8 40. Kf3 R8c7
41. Rb6 Kg7 42. Rb5 R5c6 43. a5 Ra6 44. Ra2 Rca7 45. e4 fxe4+ 46. Kxe4 Kf7 47. Kd4 Ke6 48. Kc4 Kd6 49. Kb4 Kc6 50. Rc2+ Kd6
51. f4 h6 52. Re2 Kd7 53. f5 gxf5 54. Rxf5 Rb7+ 55. Rb5 Rba7 56. g4 Rf6 57. Re4 Rd6 58. g5 hxg5 59. hxg5 Re6 60. Rxe6 Kxe6
61. Kc5 Ra6 62. Rb6+ Rxb6 63. axb6
1-0

[Event "KIA is it really a store? #3"]
[Site "SchemingMind.com"]
[Date "2006.12.14"]
[Round "-"]
[White "kifosi"]
[Black "Shaka"]
[Result "0-1"]
[WhiteCountry "DEN"]
[BlackCountry "VEN"]
[WhiteElo "1802"]
[WhiteRD "65"]
[BlackElo "1861"]
[BlackRD "78"]
[GameID "82084"]

1. Nf3 d5 2. g3 Nf6 3. Bg2 g6 4. c4 c6 5. O-O Bg7 6. d4 O-O 7. Nbd2 Nbd7 8. b3 dxc4 9. bxc4 c5 10. Bb2 cxd4
11. Nxd4 Nc5 12. Rb1 Rb8 13. N2b3 Nxb3 14. axb3 Qc7 15. e3 Bg4 16. Bf3 Bxf3 17. Qxf3 a6 18. Rfd1 Rfd8 19. Ne2 Qb6 20. Ba1 Rxd1+
21. Rxd1 Qxb3 22. Rc1 Rc8 23. Nf4 Rxc4 24. Rxc4 Qxc4 25. Bxf6 Bxf6 26. Qxb7 Qb5 27. Qe4 a5 28. Nd5 Kg7 29. Nxe7 Qb4
0-1

[Event "KIA is it really a store? #3"]
[Site "SchemingMind.com"]
[Date "2006.12.14"]
[Round "-"]
[White "kifosi"]
[Black "BogusAurelius"]
[Result "0-1"]
[WhiteCountry "DEN"]
[BlackCountry "USA"]
[WhiteElo "1802"]
[WhiteRD "65"]
[BlackElo "1914"]
[BlackRD "66"]
[GameID "82085"]

1. Nf3 d5 2. g3 g6 3. Bg2 Bg7 4. O-O c5 5. d3 Nc6 6. Nbd2 e6 7. c3 Nge7 8. e4 O-O 9. Nb3 b6 10. Re1 dxe4
11. dxe4 Qc7 12. Be3 e5 13. Qc2 f5 14. exf5 gxf5 15. Bg5 Ng6 16. Rad1 Rb8 17. Qd3 Kh8 18. Nh4 Nce7 19. Nxg6+ Nxg6 20. Bd8 Qf7
21. Qd6 Rb7 22. Bxb7 Bxb7 23. Qd7 Bf3 24. Rd3 e4 25. Qxf7 Rxf7 26. Rd5 e3 27. Rd3 exf2+ 28. Kxf2 Be4 29. Rd6 Ne5 30. Re2 Bf8
31. Bf6+ Rxf6 32. Rxf6 Ng4+ 33. Ke1 Nxf6 34. Nd2 Bb7 35. Rf2 Bc8 36. Re2 b5 37. Nf3 a5 38. Kd1 f4 39. Kc2 Bg4 40. Rf2 Ne4
41. Rf1 fxg3 42. hxg3 Nxg3 43. Rf2 h5 44. Ne5 Bf5+ 45. Kd1 Bg7 46. Nf7+ Kg8 47. Nd6 Bg4+ 48. Kc2 b4 49. cxb4 axb4 50. a3 bxa3
51. bxa3 Bd4
0-1

[Event "KIA is it really a store? #3"]
[Site "SchemingMind.com"]
[Date "2006.12.14"]
[Round "-"]
[White "twotone"]
[Black "kifosi"]
[Result "0-1"]
[WhiteCountry "ENG"]
[BlackCountry "DEN"]
[WhiteElo "1421"]
[WhiteRD "57"]
[BlackElo "1724"]
[BlackRD "76"]
[GameID "82086"]

1. Nf3 d5 2. g3 b6 3. d4 Bb7 4. Bg2 Nd7 5. O-O e6 6. a3 Ngf6 7. Bg5 Be7 8. Nbd2 O-O 9. Bf4 c5 10. c3 Rc8
11. Qa4 a5 12. Qd1 cxd4 13. cxd4 Rc6 14. b4 axb4 15. a4 Nh5 16. Nb3 Nxf4 17. gxf4 Nf6 18. Ne5 Rc7 19. a5 bxa5 20. Rxa5 Nd7
21. Qd2 Nxe5 22. fxe5 Rc3 23. Nc5 Qxa5 24. Nxb7 Qb6 25. Nd6 Bxd6 26. e3 Be7 27. Rb1 Rfc8 28. Bf1 Rc2 29. Qd1 b3 30. Qd3 b2
31. Qa6 Qxa6 32. Bxa6 Rc1+ 33. Rxc1 bxc1=Q+
0-1

[Event "KIA is it really a store? #3"]
[Site "SchemingMind.com"]
[Date "2006.12.14"]
[Round "-"]
[White "Shaka"]
[Black "kifosi"]
[Result "1-0"]
[WhiteCountry "VEN"]
[BlackCountry "DEN"]
[WhiteElo "1861"]
[WhiteRD "78"]
[BlackElo "1802"]
[BlackRD "65"]
[GameID "82087"]

1. Nf3 d5 2. g3 c6 3. Bg2 Bg4 4. O-O Nf6 5. d3 Nbd7 6. Nbd2 e6 7. h3 Bh5 8. e4 dxe4 9. dxe4 Bc5 10. c3 O-O
11. b4 Bb6 12. Nc4 Nxe4 13. Qc2 Bg6 14. Nh4 Nef6 15. Nxg6 hxg6 16. Bf4 Nd5 17. Bd6 Re8 18. a4 N7f6 19. Rad1 Bc7 20. Bc5 Bb6
21. Nd6 Bxc5 22. Nxb7 Bxf2+ 23. Rxf2 Qc7 24. Nc5 Red8 25. Qc1 Nd7 26. Nxd7 Rxd7 27. Bxd5 cxd5 28. Qe3 Rc8 29. Rf3 Qc6 30. Qd4 Qxa4
31. Rdf1 Rcc7 32. h4 Qb5 33. Kh2 Rc4 34. Qf2 Qc6 35. Rxf7 Qc7 36. Rxd7 Qxd7 37. Qf8+ Kh7 38. Rf7
1-0

[Event "KIA is it really a store? #3"]
[Site "SchemingMind.com"]
[Date "2006.12.14"]
[Round "-"]
[White "BogusAurelius"]
[Black "kifosi"]
[Result "1-0"]
[WhiteCountry "USA"]
[BlackCountry "DEN"]
[WhiteElo "1964"]
[WhiteRD "71"]
[BlackElo "1724"]
[BlackRD "76"]
[GameID "82088"]

1. Nf3 d5 2. g3 Bg4 3. Bg2 Nd7 4. d4 c6 5. O-O Ngf6 6. Nbd2 e6 7. h3 Bh5 8. c4 Be7 9. b3 O-O 10. Bb2 a5
11. g4 Bg6 12. Ne5 Nxe5 13. dxe5 Nd7 14. e4 dxe4 15. Nxe4 Nc5 16. Nd6 Bxd6 17. exd6 Be4 18. Qd4 Bxg2 19. Qxg7#
1-0

[Event "KIA is it really a store? #3"]
[Site "SchemingMind.com"]
[Date "2006.12.15"]
[Round "-"]
[White "Negrito19"]
[Black "twotone"]
[Result "1-0"]
[WhiteCountry "ARG"]
[BlackCountry "ENG"]
[WhiteElo "1551"]
[WhiteRD "55"]
[BlackElo "1392"]
[BlackRD "59"]
[GameID "82190"]

1. Nf3 d5 2. g3 e6 3. d4 Nc6 4. a3 Bd6 5. Nc3 Nge7 6. e4 dxe4 7. Nxe4 O-O 8. Bd3 Nf5 9. Be3 b6 10. g4 Nxe3
11. fxe3 Bb7 12. g5 Ne7 13. Rg1 c5 14. dxc5 Bxc5 15. Nxc5 bxc5 16. Ne5 Nf5 17. Qe2 Ne7 18. O-O-O Qc7 19. Ng4 Rad8 20. Nf6+ gxf6
21. gxf6+ Ng6 22. Qh5 Bf3 23. Qxf3 Rd5 24. c4 Re5 25. h4 Kh8 26. Bxg6 fxg6 27. Qf4 Rf7 28. Rg5 Rxf6 29. Qxf6+ Kg8 30. Rd8+ Qxd8
31. Qxd8+ Kg7 32. Qe7+ Kh6 33. Qf8#
1-0

[Event "KIA is it really a store? #3"]
[Site "SchemingMind.com"]
[Date "2006.12.18"]
[Round "-"]
[White "Negrito19"]
[Black "Shaka"]
[Result "0-1"]
[WhiteCountry "ARG"]
[BlackCountry "VEN"]
[WhiteElo "1581"]
[WhiteRD "58"]
[BlackElo "1847"]
[BlackRD "81"]
[GameID "82191"]

1. Nf3 d5 2. g3 g6 3. d4 Bg7 4. Nc3 Nf6 5. Bg5 h6 6. Bxf6 Bxf6 7. e4 dxe4 8. Nxe4 Bg7 9. Bc4 O-O 10. c3 Bf5
11. Qc2 c6 12. O-O-O Nd7 13. Ne5 Nxe5 14. dxe5 Qa5 15. f4 b5 16. Bd3 Qxa2 17. Kd2 Rfd8 18. Ra1 Qd5 19. Nf2 c5 20. g4 Bxd3
21. Nxd3 c4 22. Ke3 cxd3 23. Qd2 Qc5+ 24. Kf3 b4 25. Rac1 bxc3 26. Rxc3 Qd5+ 27. Kg3 Qxh1 28. Rxd3 Rxd3+ 29. Qxd3 Rb8 30. b3 Qe1+
31. Kf3 Rc8 32. Qd5 Rc3+ 33. Kg2 Qe2+ 34. Kg1 Rc1+ 35. Qd1 Rxd1#
0-1

[Event "KIA is it really a store? #3"]
[Site "SchemingMind.com"]
[Date "2006.12.15"]
[Round "-"]
[White "Negrito19"]
[Black "BogusAurelius"]
[Result "0-1"]
[WhiteCountry "ARG"]
[BlackCountry "USA"]
[WhiteElo "1551"]
[WhiteRD "55"]
[BlackElo "1974"]
[BlackRD "72"]
[GameID "82192"]

1. Nf3 d5 2. g3 g6 3. d4 Bg7 4. Nc3 c6 5. Bf4 Nf6 6. e3 Bg4 7. Bg2 h6 8. h3 Be6 9. Be5 Nbd7 10. e4 Nxe5
11. dxe5 Nxe4 12. Nxe4 dxe4 13. Qxd8+ Rxd8 14. Nh4 Bxe5 15. Bxe4 Bxb2 16. Rb1 Bc3+ 17. Kf1 Bc4+ 18. Kg2 Ba6 19. Rb3 Ba5 20. c3 Bb6
21. Nf3 O-O 22. h4 f5 23. Bc2 Kg7 24. Re1 Kf6 25. Kh3 Rd5 26. Rb4 Bxf2 27. c4 Bxe1 28. cxd5 Bxb4 29. dxc6 bxc6 30. Nd4 Bb7
31. Bb3 e5 32. Ne6 Re8 33. Nc7 Re7 34. Ne6 Rxe6 35. Bxe6 Kxe6 36. g4 f4 37. Kg2 c5+ 38. Kf2 c4 39. Ke2 f3+ 40. Ke3 c3
41. Kd3 f2 42. Ke2 c2 43. Kxf2 c1=Q
0-1

[Event "KIA is it really a store? #3"]
[Site "SchemingMind.com"]
[Date "2006.12.15"]
[Round "-"]
[White "twotone"]
[Black "Negrito19"]
[Result "0-1"]
[WhiteCountry "ENG"]
[BlackCountry "ARG"]
[WhiteElo "1392"]
[WhiteRD "59"]
[BlackElo "1551"]
[BlackRD "55"]
[GameID "82194"]

1. Nf3 d5 2. g3 Nc6 3. d4 Nf6 4. Bg2 Bf5 5. Nh4 Be4 6. a3 e5 7. f3 Bg6 8. dxe5 Nxe5 9. f4 Neg4 10. h3 Nh6
11. g4 Ne4 12. Be3 Qxh4+ 13. Kf1 Ng3+ 14. Kg1 Nxh1 15. Kxh1 Nxg4 16. Bg1 O-O-O 17. e3 h5 18. Nd2 Bc5 19. Nf3 Qg3 20. Ne5 Be4
21. Bxe4 Qxh3+ 22. Bh2 Nf2+ 23. Kg1 Nxd1 24. Bg2 Bxe3+ 25. Kf1 Qxh2 26. Rxd1 Qg1+ 27. Ke2 Qf2+ 28. Kd3 Qxf4 29. Nf3 Qe4+ 30. Ke2 d4
31. Ne1 Qg4+ 32. Bf3 Qh4 33. c3 Qf2+ 34. Kd3 dxc3+ 35. Kxc3 Rxd1 36. Bxd1 Qxe1+ 37. Kc2 Qd2+ 38. Kb1 Qxd1+ 39. Ka2 Rd8
0-1

[Event "KIA is it really a store? #3"]
[Site "SchemingMind.com"]
[Date "2006.12.15"]
[Round "-"]
[White "BogusAurelius"]
[Black "Negrito19"]
[Result "1-0"]
[WhiteCountry "USA"]
[BlackCountry "ARG"]
[WhiteElo "1974"]
[WhiteRD "72"]
[BlackElo "1551"]
[BlackRD "55"]
[GameID "82196"]

1. Nf3 d5 2. g3 Nc6 3. Bg2 Bf5 4. O-O e5 5. d3 Bc5 6. Nc3 Nf6 7. Bg5 Qd6 8. a3 e4 9. Nh4 Bg4 10. Bxf6 Qxf6
11. dxe4 dxe4 12. Qd5 Qd6 13. Qxe4+ Be6 14. Nf5 Qe5 15. Qxe5 Nxe5 16. Nxg7+ Ke7 17. Nxe6 fxe6 18. e3 Nc4 19. Ne4 Bb6 20. b3 Ne5
21. h3 Rad8 22. a4 a5 23. Rad1 Rxd1 24. Rxd1 h6 25. Kf1 c5 26. Ke2 c4 27. f4 cxb3 28. fxe5 bxc2 29. Rc1 Rc8 30. Kd3 Rd8+
31. Nd6 Bc5 32. Rxc2 Bxd6 33. exd6+ Rxd6+ 34. Ke2 b6 35. Rc6 Rxc6 36. Bxc6 Kd6 37. Bb5 Ke5 38. Kf3 h5 39. h4 Kf5 40. e4+ Ke5
41. Be8 Kf6 42. Bxh5 b5 43. axb5 a4 44. b6 a3 45. b7 a2 46. b8=Q a1=Q 47. Qh8+ Ke7 48. Qxa1
1-0

[Event "KIA is it really a store? #3"]
[Site "SchemingMind.com"]
[Date "2006.12.20"]
[Round "-"]
[White "banong"]
[Black "twotone"]
[Result "1-0"]
[WhiteCountry "PHI"]
[BlackCountry "ENG"]
[WhiteElo "1486"]
[WhiteRD "84"]
[BlackElo "1475"]
[BlackRD "62"]
[GameID "82204"]

1. Nf3 d5 2. g3 Nf6 3. Nc3 e6 4. Bg2 Be7 5. d3 O-O 6. O-O Nc6 7. Bg5 e5 8. Qd2 b6 9. Rad1 d4 10. h3 dxc3
11. bxc3 Rb8 12. Kh2 Bb7 13. e4 Nd7 14. Bxe7 Nxe7 15. c4 f5 16. Qe3 fxe4 17. dxe4 Qe8 18. Rd2 Ng6 19. Rfd1 Rd8 20. h4 Qf7
21. Rd3 Bc6 22. Ng5 Qxf2 23. Ne6 Nxh4 24. gxh4 Qxc2 25. Nxf8 Kxf8 26. Rf1+ Ke8 27. Qf3 Qxc4 28. Rd2 Bxe4 29. Qxe4 Qe6 30. Bh3 Qe7
31. Qxh7 Nf6 32. Qh8+ Qf8 33. Rxd8+ Kxd8 34. Qxf8+ Ne8 35. Rd1#
1-0

[Event "KIA is it really a store? #3"]
[Site "SchemingMind.com"]
[Date "2006.12.20"]
[Round "-"]
[White "banong"]
[Black "BogusAurelius"]
[Result "0-1"]
[WhiteCountry "PHI"]
[BlackCountry "USA"]
[WhiteElo "1480"]
[WhiteRD "81"]
[BlackElo "1914"]
[BlackRD "66"]
[GameID "82206"]

1. Nf3 d5 2. g3 c5 3. Bg2 Nc6 4. O-O g6 5. d3 Bg7 6. Nc3 Nf6 7. Bg5 h6 8. Bd2 e5 9. e4 Be6 10. a3 O-O
11. exd5 Nxd5 12. Ne4 Qe7 13. Qc1 f5 14. Nc3 Nxc3 15. Bxc3 Rae8 16. Re1 Qd6 17. Nh4 Bd7 18. Qd2 f4 19. gxf4 exf4 20. Bxg7 Kxg7
21. Qc3+ Qd4 22. Qd2 g5 23. Nf3 Qf6 24. c3 g4 25. Rxe8 gxf3 26. Rxf8 Qg5
0-1

[Event "KIA is it really a store? #3"]
[Site "SchemingMind.com"]
[Date "2006.12.20"]
[Round "-"]
[White "banong"]
[Black "Negrito19"]
[Result "0-1"]
[WhiteCountry "PHI"]
[BlackCountry "ARG"]
[WhiteElo "1482"]
[WhiteRD "75"]
[BlackElo "1581"]
[BlackRD "58"]
[GameID "82207"]

1. Nf3 d5 2. g3 Nc6 3. Bg2 Nf6 4. O-O Bg4 5. d3 e6 6. Bg5 h6 7. Be3 d4 8. h3 dxe3 9. fxe3 Bh5 10. Nc3 a6
11. g4 Bg6 12. e4 Bc5+
0-1

[Event "KIA is it really a store? #3"]
[Site "SchemingMind.com"]
[Date "2006.12.15"]
[Round "-"]
[White "twotone"]
[Black "banong"]
[Result "0-1"]
[WhiteCountry "ENG"]
[BlackCountry "PHI"]
[WhiteElo "1461"]
[WhiteRD "64"]
[BlackElo "1374"]
[BlackRD "72"]
[GameID "82209"]

1. Nf3 d5 2. g3 Nc6 3. d4 Nf6 4. Bg2 g6 5. O-O Bg7 6. Na3 O-O 7. c3 Ne4 8. Ng5 Nxg5 9. Bxg5 h6 10. Be3 e6
11. Nc2 Bd7 12. Qd2 Kh7 13. a4 Ne7 14. a5 Qc8 15. b4 Nf5 16. Rac1 Nxe3 17. Qxe3 f5 18. Rfd1 g5 19. Qd3 Be8 20. c4 Bg6
21. cxd5 e5 22. dxe5 Bxe5 23. Qa3 f4 24. b5 g4 25. Qe7+ Bg7 26. d6 cxd6 27. Ne3 Qb8 28. Nxg4 fxg3 29. hxg3 Rf7 30. Qe3 Qd8
31. a6 b6 32. Bxa8 Qxa8 33. Rxd6 Qf8 34. f4 Qxd6 35. Rc6 Qd1+ 36. Kg2 Bd4 37. Qc1 Qxe2+ 38. Kh3 Bf5 39. Rxh6+ Kg7 40. Rh4 Bf6
41. Qc6 Bxh4 42. Qh6+ Kg8 43. Kxh4 Qxg4#
0-1

[Event "KIA is it really a store? #3"]
[Site "SchemingMind.com"]
[Date "2006.12.15"]
[Round "-"]
[White "BogusAurelius"]
[Black "banong"]
[Result "1-0"]
[WhiteCountry "USA"]
[BlackCountry "PHI"]
[WhiteElo "1958"]
[WhiteRD "71"]
[BlackElo "1482"]
[BlackRD "75"]
[GameID "82211"]

1. Nf3 d5 2. g3 Nc6 3. Bg2 Nf6 4. c4 dxc4 5. Qa4 Bd7 6. Qxc4 e6 7. d4 Be7 8. O-O O-O 9. Nc3 Bd6 10. Rd1 a6
11. e4 b5 12. Qd3 Ne7 13. e5 Bxe5 14. dxe5 Nfd5 15. Bg5 Nxc3 16. bxc3 h6 17. Bxe7 Qxe7 18. Qxd7 Qxd7 19. Rxd7
1-0

[Event "KIA is it really a store? #3"]
[Site "SchemingMind.com"]
[Date "2006.12.15"]
[Round "-"]
[White "kifosi"]
[Black "banong"]
[Result "1-0"]
[WhiteCountry "DEN"]
[BlackCountry "PHI"]
[WhiteElo "1763"]
[WhiteRD "76"]
[BlackElo "1482"]
[BlackRD "75"]
[GameID "82213"]

1. Nf3 d5 2. g3 Nc6 3. d4 Nf6 4. Bg2 g6 5. O-O Bg7 6. c4 O-O 7. Na3 e6 8. e3 h5 9. b3 Ne4 10. cxd5 exd5
11. Bb2
1-0